Catálogo

GEOMETRIA Y TRIGOMETRIA (Registro nro. 29497)

Detalles MARC
000 -LEADER
fixed length control field 00726nam a2200193 a 4500
001 - CONTROL NUMBER
control field 29497
005 - DATE AND TIME OF LATEST TRANSACTION
control field 20180713232543.0
008 - FIXED-LENGTH DATA ELEMENTS--GENERAL INFORMATION
fixed length control field 140415s1997 000 0 spa d
020 ## - INTERNATIONAL STANDARD BOOK NUMBER
International Standard Book Number 9701014243
041 ## - LANGUAGE CODE
Language code of text/sound track or separate title spa
082 ## - DEWEY DECIMAL CLASSIFICATION NUMBER
Classification number 516
Item number MAR
100 1# - MAIN ENTRY--PERSONAL NAME
Personal name MARTINEZ MIGUEL ANGEL
245 10 - TITLE STATEMENT
Title GEOMETRIA Y TRIGOMETRIA
250 ## - EDITION STATEMENT
Edition statement 1ª EDICION
260 ## - PUBLICATION, DISTRIBUTION, ETC.
Place of publication, distribution, etc. [s.l.] :
Name of publisher, distributor, etc. MC GRAW HILL,
Date of publication, distribution, etc. 1997
300 ## - PHYSICAL DESCRIPTION
Extent 209
Dimensions 18 x 1 x 24
520 ## - SUMMARY, ETC.
Summary, etc. EN CADA UNA DE LAS UNIDADES DE LA OBRA SE INCLUYE LA TEORIA INDISPENSABLE, ALGUNOS PROBLEMAS RESUELTOS Y PROBLEMAS PROPUESTOS, ASIMISMO, AL FINAL DE ESTOS APUNTES, TE INDICA UNA AMPLIA BIBLIOGRAFIA QUE PODRAS CONSULTAR PARA COMPLEMENTAR TUS ESTUDIOS.
650 14 - SUBJECT ADDED ENTRY--TOPICAL TERM
Topical term or geographic name entry element GEOMETRIA
Existencias
Withdrawn status Lost status Source of classification or shelving scheme Damaged status Not for loan Collection code Home library Current library Shelving location Date acquired Source of acquisition Total Checkouts Full call number Barcode Date last seen Date last checked out Price effective from Koha item type
    Dewey Decimal Classification     General Tehuacán Tehuacán Sala general 03/12/2013 Compra   516 MAR 503578 16/04/2024 23/04/2018 03/12/2013 Libro